Normal view
MARC view
- Tragedies
Entry Topical Term
001 - CONTROL NUMBER
- control field: 5532
003 - CONTROL NUMBER IDENTIFIER
- control field: JO-AjAnu
005 - DATE AND TIME OF LATEST TRANSACTION
- control field: 20230606071211.0
008 - FIXED-LENGTH DATA ELEMENTS
- fixed length control field: 230606|| aca||aabn | a|a d
040 ## - CATALOGING SOURCE
- Original cataloging agency: JO-AjAnu
- Transcribing agency: JO-AjAnu
150 ## - HEADING--TOPICAL TERM
- Topical term or geographic name entry element: Tragedies
670 ## - SOURCE DATA FOUND
- Source citation: Work cat.: (JO-AjAnu)2859: Lorca, Federico Garcia, author 5531, Three Tragedies: Blood Wedding Yerma The House of Bernarda Alba